000 00389cam a2200157ua 4500
041 _aeng
_h
082 _a230
_bBUR/AN
100 _aBurton, Robert .
245 _aAnatomy of melancholy,Vol 2 /
_cRobert Burton.
_hTextual Documents
250 _a1 /
_b.
260 _aLondon :
_bJ M Dent and Sons Ltd ,
_c1961.
300 _a328 ; .
504 _a
942 _cBK
999 _c2242
_d2242